00314cam a22000977a 4500008004000000082001400040245007500054260005300129300001100182700002300193180718b1988 xxu||||| |||| 00| 0 eng d aA75 UT8HA aUttar Pradesh district gazetteers: Hardoicedited by Amar Singh Baghel aLucknowbDepartment of District Gazetteersc1988 a348+p. aBaghel, Amar Singh